Un slogan publicitaire = une marque #2 - Statistiques

Statistiques générales
  • Ce quiz a été pris 214 fois
  • Le résultat moyen est 4 sur 20
Statistiques - réponses
Slogan Publicitaire Marque % Correct
What else ? Nespresso
91%
Tu ne le portes plus ? Vends-le ! Vinted
80%
Par amour du goût Amora
47%
Du pain, du vin, du ------- : c’est divin ! Boursin
38%
ça coule de source ! Cristaline
36%
Impossible is nothing Adidas
24%
Gagner le cœur du monde – Faire du ciel le plus bel endroit de la terre Air France
22%
Il en faut de l’énergie pour être enfant Nutella
21%
Du côté des mamans Blédina
14%
Le calcaire, c’est son affaire Antikal
12%
Pour parler franchement, votre argent m’intéresse BNP
10%
Passe le fun autour de toi Fanta
10%
On n’a jamais autant respecté la nature des femmes – Leçon de beauté : être soi-même Yves Rocher
5%
Bière d’initiés depuis 1074 Affligem
4%
Sans cœur, nous ne serions que des machines Alfa Romeo
3%
C’est toi que j’aime tant Bonne Maman
3%
L’élégance dépasse le temps Armani
2%
Vivons curieux Arte
2%
Les enfants grandissent toujours trop vite, mais avec -------- , ils grandissent bien Kellogg’s
2%
L’énergie au sens propre Areva
1%
Aucun quiz correspondant
Distribution des résultats
% des personnes avec chaque résultat
Percentile par nombre de réponses
Votre historique - résultats
Vous n’avez pas pris ce quiz